| 000 | 01087nmm a2200373 a 4500 | ||
|---|---|---|---|
| 003 | AR-BaBNM | ||
| 005 | 20251128205054.0 | ||
| 008 | 011101s1992 ||||||||||||||000 | spa|| | ||
| 020 | _a950-582-312-6 | ||
| 040 | _cAR-BaBNM | ||
| 245 | 1 | 0 |
_aFeminismo _bciencia, cultura, sociedad |
| 260 |
_aBuenos Aires _bHumanitas _bSaga _c1992 |
||
| 300 | _a162 p. | ||
| 504 | _aContiene bibliografía en notas a pie de página | ||
| 504 | _aBibliografía: p. 158-160 | ||
| 650 | 4 | _aFEMINISMO | |
| 650 | 4 | _aMUJERES | |
| 650 | 4 | _aDERECHOS DE LA MUJER | |
| 650 | 4 | _aEDUCACION DE LA MUJER | |
| 650 | 4 | _aEMPLEO DE LAS MUJERES | |
| 650 | 4 | _aIGUALDAD DE DERECHOS DEL HOMBRE Y LA MUJER | |
| 650 | 4 | _aORGANIZACIONES FEMENINAS | |
| 650 | 4 | _aDISCRIMINACION SEXUAL | |
| 700 | 1 |
_aReynoso, Nené _ecompilador |
|
| 700 | 1 |
_aSampaolesi, Ana _ecompilador |
|
| 700 | 1 |
_aSommer, Susana E. _ecompilador |
|
| 700 | 1 | _aBianchi, Susana | |
| 700 | 1 | _aArágor, Beatriz | |
| 700 | 1 | _aMontes de Oca, Zita | |
| 700 | 1 | _aNewbery, Safina | |
| 700 | 1 | _aChejter, Silvia | |
| 942 | _cBK | ||
| 998 | _csilvi | ||
| 999 |
_c9868 _d9868 |
||